Nonlinear physics of DNA

Spremljeno u:
Bibliografski detalji
Glavni autor: Yakushevich, Ludmila V.
Format: Knjiga
Jezik:Undetermined
Izdano: Berlin Wiley VCH 2004
Teme:
Oznake: Dodaj oznaku
Bez oznaka, Budi prvi tko označuje ovaj zapis!
Thư viện lưu trữ: Trung tâm Học liệu Trường Đại học Cần Thơ
LEADER 00559nam a2200205Ia 4500
001 CTU_87555
008 210402s9999 xx 000 0 und d
020 |c 180.42 
082 |a 572.8633 
082 |b Y15 
100 |a Yakushevich, Ludmila V. 
245 0 |a Nonlinear physics of DNA 
245 0 |c Ludmila V. Yakushevich 
260 |a Berlin 
260 |b Wiley VCH 
260 |c 2004 
650 |a Biophysics,DNA,DNA,Nonlinear mechanics 
650 |x structure,Conformation 
904 |i Trúc 
980 |a Trung tâm Học liệu Trường Đại học Cần Thơ